Normal view
MARC view
Entry Corporate Name
001 - CONTROL NUMBER
- control field: 6082
003 - CONTROL NUMBER IDENTIFIER
- control field: TR-AnCHP
005 - DATE AND TIME OF LATEST TRANSACTION
- control field: 20191031103248.0
008 - FIXED-LENGTH DATA ELEMENTS
- fixed length control field: 191031|| aca||aabn | a|a d
040 ## - CATALOGING SOURCE
- Original cataloging agency: TR-AnCHP
110 ## - HEADING--CORPORATE NAME
- Corporate name or jurisdiction name as entry element: Türkiye Büyük Millet Meclisi (TBMM)
